| 000 | 00462cam a2200181ua 4500 | ||
|---|---|---|---|
| 020 | _c3.00 | ||
| 041 |
_amal _h |
||
| 082 |
_a494.8125 _bRAJ/KE |
||
| 100 | _aRaja Raja Varma, A.R . | ||
| 245 |
_aKerala paniniyam / _cA.R.Raja Raja Varma. _hTextual Documents |
||
| 250 |
_a3 / _b. |
||
| 260 |
_aKottayam : _bSahitya Pravarthaka Co-operative Society , _c1968. |
||
| 300 | _a317 ; . | ||
| 365 | _a3.00 | ||
| 504 | _a | ||
| 942 | _cBK | ||
| 999 |
_c880 _d880 |
||